| 000 | 00877nam a2200229 a 4500 | ||
|---|---|---|---|
| 001 | 63411 | ||
| 005 | 20180714065825.0 | ||
| 008 | 150826s2002 xxu 000 0 spa d | ||
| 020 | _a978-0-521-79151-9 | ||
| 082 | 0 |
_a291.175 _bROB |
|
| 100 | 1 |
_aRoberts, Richard H. _bautor |
|
| 245 | 1 | 0 |
_aReligion, theology and the human sciences / _cRichard H. Roberts. |
| 264 | 1 |
_aEstados Unidos de América . _bCambridge University Press ; _c2002 |
|
| 300 |
_axiv, 334 páginas : ; _c23 cm. |
||
| 336 |
_atexto _2rdacontent |
||
| 337 |
_asin mediación _2rdamedia |
||
| 338 |
_avolumen _2rdacarrier |
||
| 650 | 4 |
_aReligió y sociología _xHistoria _xSiglo xx |
|
| 650 | 4 |
_aAdministración _xAspectos religiosos _xHistoria _xSiglo xx |
|
| 650 | 4 |
_aCapitalismo _xAspectos religiosos _xHistoria _xSiglo xx |
|
| 650 | 4 |
_aReligión y sociología _zGran Bretaña _xHistoria _xSiglo xx |
|
| 999 |
_c63411 _d63411 |
||